Gminy województwa mazowieckiego na mapie - Statystyki

Ogólne statystyki
  • Ten quiz został rozwiązany 2 222 razy
    1 382 od ostatniego zresetowania
  • Średni wynik to 106 z 314
Odpowiedzi na mapie
Odpowiedzi zakodowano w zielono-czerwonej skali na mapie do tego quizu, zgodnie z poniższymi procentami.
 
Statystyki odpowiedzi
Powiat Typ gminy Gmina % Poprawnych
miasta na prawach powiatu miejska m. Warszawa
94%
miasta na prawach powiatu miejska m. Radom
89%
miasta na prawach powiatu miejska m. Płock
88%
miasta na prawach powiatu miejska m. Ostrołęka
87%
miasta na prawach powiatu miejska m. Siedlce
87%
siedlecki wiejska Siedlce
87%
legionowski miejska Legionowo
84%
piaseczyński miejsko-wiejska Piaseczno
84%
pruszkowski miejska Pruszków
84%
miński miejska | wiejska Mińsk Mazowiecki
83%
otwocki miejska Otwock
83%
wołomiński miejsko-wiejska Wołomin
83%
wołomiński miejska Ząbki
79%
ciechanowski miejska | wiejska Ciechanów
78%
wołomiński miejska Marki
77%
nowodworski miejska Nowy Dwór Mazowiecki
77%
płoński miejska | wiejska Płońsk
77%
żyrardowski miejska Żyrardów
77%
grójecki miejsko-wiejska Grójec
76%
mławski miejska Mława
75%
pułtuski miejsko-wiejska Pułtusk
75%
garwoliński miejska | wiejska Garwolin
74%
grodziski miejsko-wiejska Grodzisk Mazowiecki
74%
sochaczewski miejska | wiejska Sochaczew
72%
wyszkowski miejsko-wiejska Wyszków
72%
przasnyski miejska | wiejska Przasnysz
71%
ostrowski miejska | wiejska Ostrów Mazowiecka
69%
sierpecki miejska | wiejska Sierpc
69%
miński miejska Sulejówek
69%
białobrzeski miejsko-wiejska Białobrzegi
68%
gostyniński miejska | wiejska Gostynin
68%
łosicki miejsko-wiejska Łosice
68%
piaseczyński miejsko-wiejska Konstancin-Jeziorna
67%
kozienicki miejsko-wiejska Kozienice
67%
wołomiński miejsko-wiejska Radzymin
67%
sokołowski miejska | wiejska Sokołów Podlaski
67%
szydłowiecki miejsko-wiejska Szydłowiec
66%
żuromiński miejsko-wiejska Żuromin
66%
piaseczyński miejsko-wiejska Góra Kalwaria
65%
otwocki miejska Józefów
65%
węgrowski miejska Węgrów
65%
wołomiński miejska Zielonka
65%
zwoleński miejsko-wiejska Zwoleń
65%
warszawski zachodni miejsko-wiejska Łomianki
64%
warszawski zachodni miejsko-wiejska Ożarów Mazowiecki
64%
przysuski miejsko-wiejska Przysucha
64%
wołomiński miejsko-wiejska Tłuszcz
63%
wołomiński miejska Kobyłka
62%
makowski miejska Maków Mazowiecki
62%
lipski miejsko-wiejska Lipsko
61%
legionowski miejsko-wiejska Serock
61%
pruszkowski miejska Piastów
60%
warszawski zachodni miejsko-wiejska Błonie
59%
płoński miejsko-wiejska Nowe Miasto
58%
grójecki miejsko-wiejska Warka
58%
radomski miejska | wiejska Pionki
56%
pruszkowski miejsko-wiejska Brwinów
55%
warszawski zachodni wiejska Leszno
55%
pruszkowski wiejska Raszyn
55%
piaseczyński miejsko-wiejska Tarczyn
55%
miński miejsko-wiejska Halinów
54%
legionowski wiejska Jabłonna
54%
grodziski miejska Milanówek
54%
grodziski miejska Podkowa Leśna
52%
nowodworski miejsko-wiejska Nasielsk
51%
pruszkowski wiejska Nadarzyn
50%
grójecki miejsko-wiejska Nowe Miasto nad Pilicą
49%
otwocki miejsko-wiejska Karczew
48%
żyrardowski miejsko-wiejska Mszczonów
48%
legionowski wiejska Nieporęt
48%
nowodworski miejsko-wiejska Zakroczym
48%
warszawski zachodni wiejska Kampinos
46%
miński miejsko-wiejska Mrozy
46%
ostrołęcki wiejska Czerwin
45%
radomski miejsko-wiejska Iłża
45%
warszawski zachodni wiejska Izabelin
45%
piaseczyński wiejska Lesznowola
44%
garwoliński miejsko-wiejska Pilawa
44%
ostrowski miejsko-wiejska Brok
43%
ciechanowski miejsko-wiejska Glinojeck
43%
węgrowski miejsko-wiejska Łochów
43%
makowski miejsko-wiejska Różan
43%
radomski miejsko-wiejska Jedlnia-Letnisko
41%
siedlecki miejsko-wiejska Mordy
41%
warszawski zachodni wiejska Stare Babice
41%
żyrardowski miejsko-wiejska Wiskitki
41%
ostrołęcki miejsko-wiejska Myszyniec
40%
radomski miejsko-wiejska Skaryszew
40%
przasnyski miejsko-wiejska Chorzele
39%
płocki miejsko-wiejska Wyszogród
39%
garwoliński miejsko-wiejska Żelechów
39%
nowodworski wiejska Czosnów
38%
miński miejsko-wiejska Kałuszyn
38%
miński miejsko-wiejska Cegłów
37%
pruszkowski wiejska Michałowice
37%
grójecki miejsko-wiejska Mogielnica
37%
legionowski wiejska Wieliszew
37%
otwocki wiejska Celestynów
36%
płoński miejsko-wiejska Czerwińsk nad Wisłą
36%
wołomiński miejsko-wiejska Jadów
36%
sokołowski miejsko-wiejska Kosów Lacki
36%
płoński miejska | wiejska Raciąż
36%
lipski miejsko-wiejska Solec nad Wisłą
36%
grodziski wiejska Baranów
35%
płocki miejsko-wiejska Drobin
35%
garwoliński miejska | wiejska Łaskarzew
35%
sochaczewski wiejska Teresin
35%
otwocki wiejska Wiązowna
35%
miński miejsko-wiejska Dobre
33%
miński miejsko-wiejska Latowicz
33%
nowodworski wiejska Pomiechówek
33%
miński wiejska Dębe Wielkie
32%
płocki miejsko-wiejska Gąbin
32%
szydłowiecki miejsko-wiejska Jastrząb
32%
kozienicki miejsko-wiejska Magnuszew
32%
ostrowski wiejska Małkinia Górna
32%
żuromiński miejsko-wiejska Bieżuń
31%
gostyniński miejsko-wiejska Sanniki
31%
białobrzeski miejsko-wiejska Wyśmierzyce
31%
grodziski wiejska Jaktorów
30%
otwocki wiejska Kołbiel
30%
węgrowski wiejska Liw
30%
garwoliński miejsko-wiejska Maciejowice
30%
miński wiejska Stanisławów
30%
przysuski miejsko-wiejska Odrzywół
29%
radomski miejsko-wiejska Przytyk
29%
radomski wiejska Gózd
28%
otwocki miejsko-wiejska Osieck
28%
przysuski wiejska Potworów
28%
garwoliński wiejska Wilga
28%
wyszkowski wiejska Długosiodło
27%
kozienicki miejsko-wiejska Głowaczów
27%
grodziski wiejska Żabia Wola
27%
lipski miejsko-wiejska Ciepielów
26%
wołomiński wiejska Dąbrówka
26%
przasnyski wiejska Jednorożec
26%
ostrołęcki wiejska Kadzidło
26%
ostrołęcki wiejska Łyse
26%
płoński miejsko-wiejska Sochocin
26%
radomski wiejska Jedlińsk
25%
szydłowiecki wiejska Orońsko
25%
płocki miejsko-wiejska Bodzanów
24%
nowodworski wiejska Leoncin
24%
żuromiński miejsko-wiejska Lubowidz
24%
radomski wiejska Zakrzew
24%
płocki wiejska Bielsk
23%
wyszkowski wiejska Brańszczyk
23%
ostrołęcki wiejska Goworowo
23%
kozienicki wiejska Grabów nad Pilicą
23%
ostrowski wiejska Nur
23%
piaseczyński wiejska Prażmów
23%
łosicki wiejska Sarnaki
23%
miński miejsko-wiejska Siennica
23%
radomski wiejska Wierzbica
23%
siedlecki wiejska Wiśniew
23%
grójecki wiejska Chynów
22%
przysuski miejsko-wiejska Gielniów
22%
sochaczewski wiejska Iłów
22%
wołomiński wiejska Klembów
22%
ciechanowski wiejska Opinogóra Górna
22%
wołomiński wiejska Poświętne
22%
białobrzeski | mławski wiejska Radzanów
22%
ostrołęcki wiejska Rzekuń
22%
garwoliński wiejska Sobolew
22%
grójecki wiejska Belsk Duży
21%
zwoleński miejsko-wiejska Kazanów
21%
ostrołęcki wiejska Lelis
21%
garwoliński wiejska Parysów
21%
żyrardowski wiejska Puszcza Mariańska
21%
węgrowski wiejska Stoczek
21%
radomski wiejska Wolanów
21%
ostrowski wiejska Andrzejewo
20%
płoński wiejska Baboszewo
20%
ostrołęcki wiejska Baranowo
20%
kozienicki wiejska Garbatka-Letnisko
20%
żyrardowski wiejska Radziejowice
20%
lipski miejsko-wiejska Sienno
20%
ostrołęcki wiejska Troszyn
20%
grójecki wiejska Błędów
19%
miński wiejska Jakubów
19%
radomski wiejska Jastrzębia
19%
siedlecki wiejska Kotuń
19%
radomski wiejska Kowala
19%
siedlecki wiejska Mokobody
19%
płocki wiejska Słupno
19%
otwocki wiejska Sobienie-Jeziory
19%
mławski wiejska Strzegowo
19%
mławski wiejska Wieczfnia Kościelna
19%
płoński wiejska Załuski
19%
siedlecki wiejska Zbuczyn
19%
szydłowiecki wiejska Chlewiska
18%
garwoliński wiejska Górzno
18%
płocki wiejska Łąck
18%
łosicki wiejska Platerów
18%
białobrzeski wiejska Promna
18%
garwoliński wiejska Trojanów
18%
przysuski wiejska Wieniawa
18%
sochaczewski wiejska Brochów
17%
sochaczewski wiejska Nowa Sucha
17%
grójecki wiejska Pniewy
17%
pułtuski wiejska Pokrzywnica
17%
wyszkowski wiejska Rząśnik
17%
węgrowski wiejska Sadowne
17%
białobrzeski wiejska Stara Błotnica
17%
wołomiński wiejska Strachówka
17%
mławski wiejska Szydłowo
17%
mławski wiejska Wiśniewo
17%
sierpecki wiejska Zawidz
17%
sokołowski wiejska Jabłonna Lacka
16%
przysuski wiejska Klwów
16%
przasnyski wiejska Krasne
16%
płoński wiejska Naruszewo
16%
płocki wiejska Nowy Duninów
16%
pułtuski wiejska Obryte
16%
ostrołęcki wiejska Olszewo-Borki
16%
sochaczewski wiejska Rybno
16%
płocki wiejska Stara Biała
16%
białobrzeski wiejska Stromiec
16%
siedlecki wiejska Suchożebry
16%
węgrowski wiejska Wierzbno
16%
pułtuski wiejska Winnica
16%
wyszkowski wiejska Zabrodzie
16%
płocki wiejska Brudzeń Duży
15%
ostrołęcki wiejska Czarnia
15%
sierpecki wiejska Gozdowo
15%
płoński wiejska Joniec
15%
płocki wiejska Mała Wieś
15%
gostyniński wiejska Pacyna
15%
ciechanowski wiejska Sońsk
15%
płocki wiejska Staroźreby
15%
mławski wiejska Stupsk
15%
gostyniński wiejska Szczawin Kościelny
15%
sokołowski wiejska Bielany
14%
węgrowski wiejska Grębków
14%
ciechanowski wiejska Grudusk
14%
pułtuski wiejska Gzy
14%
łosicki wiejska Huszlew
14%
grójecki wiejska Jasieniec
14%
węgrowski wiejska Korytnica
14%
makowski wiejska Krasnosielc
14%
przasnyski wiejska Krzynowłoga Mała
14%
szydłowiecki wiejska Mirów
14%
płocki wiejska Radzanowo
14%
płocki wiejska Słubice
14%
wyszkowski wiejska Somianka
14%
łosicki wiejska Stara Kornica
14%
mławski wiejska Szreńsk
14%
zwoleński wiejska Tczów
14%
ostrowski wiejska Wąsewo
14%
ostrowski wiejska Zaręby Kościelne
14%
przysuski wiejska Borkowice
13%
garwoliński wiejska Borowie
13%
płocki wiejska Bulkowo
13%
kozienicki wiejska Gniewoszów
13%
ciechanowski wiejska Gołymin-Ośrodek
13%
węgrowski wiejska Miedzna
13%
sochaczewski wiejska Młodzieszyn
13%
ciechanowski wiejska Ojrzeń
13%
zwoleński wiejska Przyłęk
13%
ostrowski wiejska Stary Lubotyń
13%
sokołowski wiejska Sterdyń
13%
pułtuski wiejska Świercze
13%
ostrowski wiejska Szulborze Wielkie
13%
pułtuski wiejska Zatory
13%
przasnyski wiejska Czernice Borowe
12%
płoński wiejska Dzierzążnia
12%
grójecki wiejska Goszczyn
12%
żuromiński wiejska Kuczbork-Osada
12%
mławski wiejska Lipowiec Kościelny
12%
garwoliński wiejska Miastków Kościelny
12%
siedlecki wiejska Paprotnia
12%
zwoleński wiejska Policzna
12%
sokołowski wiejska Repki
12%
makowski wiejska Rzewnie
12%
sokołowski wiejska Sabnie
12%
kozienicki wiejska Sieciechów
12%
siedlecki wiejska Skórzec
12%
sierpecki wiejska Szczutowo
12%
ostrowski wiejska Boguty-Pianki
11%
sokołowski wiejska Ceranów
11%
mławski wiejska Dzierzgowo
11%
siedlecki wiejska Korczew
11%
żuromiński wiejska Lutocin
11%
sierpecki wiejska Mochowo
11%
łosicki wiejska Olszanka
11%
sierpecki wiejska Rościszewo
11%
przysuski wiejska Rusinów
11%
makowski wiejska Sypniewo
11%
siedlecki wiejska Wodynie
11%
lipski wiejska Chotcza
10%
makowski wiejska Czerwonka
10%
makowski wiejska Młynarze
10%
siedlecki wiejska Przesmyki
10%
ciechanowski wiejska Regimin
10%
żuromiński wiejska Siemiątkowo
10%
makowski wiejska Karniewo
9%
siedlecki wiejska Domanice
8%
lipski wiejska Rzeczniów
8%
makowski wiejska Szelków
8%
makowski wiejska Płoniawy-Bramura
7%
Nie znaleziono quizów pasujących do podanych kryteriów
Rozkład punktacji
Procent ludzi z każdym wynikiem
Percentyl według liczby udzielonych odpowiedzi
Twoja historia wyników
Nie rozwiązałeś tego quizu od ostatniego zresetowania